La critica del testo
Збережено в:
| Співавтор: | |
|---|---|
| Формат: | Книга |
| Мова: | Італійська мова |
| Опубліковано: |
Florencia
Leo S. Olschki Editore
1971
|
| Предмети: | |
| Теги: |
Додати тег
Немає тегів, Будьте першим, хто поставить тег для цього запису!
|
MARC
| LEADER | 00000nam a2200000 a 4500 | ||
|---|---|---|---|
| 001 | UCS7676 | ||
| 003 | CL-VaPUC | ||
| 005 | 20211215074120.0 | ||
| 008 | 971017e19710000it 1 ita d | ||
| 082 | 0 | 4 | |a 340.11 |b SOC |2 21 |
| 110 | 2 | |a Società Italiana di storia del diritto |e author |9 618570 | |
| 245 | 1 | 3 | |a La critica del testo |
| 260 | |a Florencia |b Leo S. Olschki Editore |c 1971 | ||
| 300 | |a 574 p | ||
| 583 | |a last modification |c 19971017 00:00:00 |k Rodrigo Vera | ||
| 650 | 0 | 0 | |a Teoría del derecho |9 255982 |
| 650 | 0 | 0 | |a Filosofía del derecho |9 255050 |
| 650 | 0 | 0 | |a Lenguaje jurídico |9 255988 |
| 650 | 0 | 0 | |a Filología |9 321245 |
| 942 | |c BK | ||
| 945 | |a aolguin |d 19971017 00:00:00 | ||
| 546 | |a En Italiano | ||
| 518 | |p Congresso Internazionale della Società Italiana di Storia del diritto, 2, Firenze, 1971 | ||
| 999 | |c 383019 |d 383017 | ||
| 952 | |0 0 |1 0 |4 0 |6 340_110000000000000_SOC_1971 |7 0 |8 DER_HIS |9 504999 |a BIBDER |b BIBDER |d 2020-01-23 |i 1889044 |o 340.11 SOC 1971 |p 1889044 |r 2023-01-25 |w 2020-01-23 |x Ubicación 4to Piso |y BK |z Estos recursos deben solicitarse con anticipación |k DER | ||
| 952 | |0 0 |1 0 |4 0 |6 340_110000000000000_SOC_1971 |7 0 |8 DER_HIS |9 505000 |a BIBDER |b BIBDER |d 2020-01-23 |h v.2 |i 195010K |o 340.11 SOC 1971 |p 195010K |r 2023-01-25 |w 2020-01-23 |x Ubicación 4to Piso |y BK |z Estos recursos deben solicitarse con anticipación |k DER | ||